<?xml version="1.0" encoding="UTF-8"?>
<record
    xmlns:xsi="http://www.w3.org/2001/XMLSchema-instance"
    xsi:schemaLocation="http://www.loc.gov/MARC21/slim http://www.loc.gov/standards/marcxml/schema/MARC21slim.xsd"
    xmlns="http://www.loc.gov/MARC21/slim">

  <leader>01161nam a2200181 a 4500</leader>
  <datafield tag="090" ind1=" " ind2=" ">
    <subfield code="a">IAVH</subfield>
    <subfield code="b">00677</subfield>
  </datafield>
  <datafield tag="041" ind1=" " ind2=" ">
    <subfield code="a">spa</subfield>
  </datafield>
  <datafield tag="100" ind1=" " ind2=" ">
    <subfield code="a">Gasca, H&#xE9;ctor Jaime</subfield>
    <subfield code="9">92586</subfield>
  </datafield>
  <datafield tag="245" ind1=" " ind2=" ">
    <subfield code="a">Protocolos para el manejo de especies de escarabajos Dynastes spp. en sistemas de aprovechamiento comercial</subfield>
    <subfield code="b">informe final</subfield>
  </datafield>
  <datafield tag="260" ind1=" " ind2=" ">
    <subfield code="a">Bogot&#xE1;</subfield>
    <subfield code="b">Instituto Alexander von Humboldt</subfield>
    <subfield code="c">2003</subfield>
  </datafield>
  <datafield tag="300" ind1=" " ind2=" ">
    <subfield code="a">22 p.</subfield>
  </datafield>
  <datafield tag="520" ind1=" " ind2=" ">
    <subfield code="a">Se analizan los factores ecol&#xF3;gicos determinantes para el aprovechamiento y manejo sostenible de poblaciones de escarabajos Dynastes spp. como: biolog&#xED;a, nivel ecosist&#xE9;mico, demograf&#xED;a y ecolog&#xED;a tr&#xF3;fica. Se dise&#xF1;a un modelo para la implementaci&#xF3;n del aprovechamiento de poblaciones de escarabajos Dynastes spp. in situ. Se analiza la factibilidad biol&#xF3;gica que permite conocer el estado actual del recurso, es decir, se hace un diagn&#xF3;stico preliminar de las poblaciones de escarabajos y de la condici&#xF3;n y/o calidad del h&#xE1;bitat en donde estas se encuentran.</subfield>
  </datafield>
  <datafield tag="650" ind1=" " ind2=" ">
    <subfield code="a">Conservaci&#xF3;n</subfield>
    <subfield code="9">92401</subfield>
  </datafield>
  <datafield tag="650" ind1=" " ind2=" ">
    <subfield code="a">Biodiversidad</subfield>
    <subfield code="9">92204</subfield>
  </datafield>
  <datafield tag="650" ind1=" " ind2=" ">
    <subfield code="a">Escarabajos</subfield>
    <subfield code="9">92342</subfield>
  </datafield>
  <datafield tag="650" ind1=" " ind2=" ">
    <subfield code="a">Aprovechamiento comercial</subfield>
    <subfield code="9">92587</subfield>
  </datafield>
  <datafield tag="650" ind1=" " ind2=" ">
    <subfield code="a">Ecolog&#xED;a de poblaciones</subfield>
    <subfield code="9">3557</subfield>
  </datafield>
  <datafield tag="999" ind1=" " ind2=" ">
    <subfield code="c">6178</subfield>
    <subfield code="d">6178</subfield>
  </datafield>
</record>
